| 000 | 00561nam a2200181 i 4500 | ||
|---|---|---|---|
| 001 | 40450 | ||
| 003 | ES-MaACL | ||
| 005 | 20230906160225.0 | ||
| 007 | t| | ||
| 008 | 030306s1972 sp ||||1| spa d | ||
| 100 | 1 |
_aCaro, Guy. _935397 |
|
| 245 | 1 | 3 |
_aLa medicina impugnada _b: (la práctica social de la medicina en la sociedad capitalista) / _cGuy Caro ; [versión, Albert Roies]. |
| 250 | _a[1ª ed.]. | ||
| 260 |
_aBarcelona : _bLaia, _c[1972] |
||
| 300 |
_a216 p. ; _c20 cm. |
||
| 700 | 1 |
_aRoies, Alberto. _998992 |
|
| 852 |
_aES-MaACL _jC-51670 _bR.83907 |
||
| 999 |
_c40450 _d40450 |
||